Statistiques concernant Nommer une capitale valide

Cliquez ici pour prendre le quiz!

Statistiques générales

  • Ce quiz a été pris 3,677 fois
    (3,604 depuis la dernière actualisation)
  • Le résultat moyen est 10 sur 18

Statistiques - réponses

Nomme une capitale qui ... réponse % Correct
est à moins de 15 kilomètres de la MéditerranéeAlger | Athènes | Rome | + 5 autres
98%
est plus au nord que MoscouReykjavik | Helsinki | Oslo | + 3 autres
96%
est en Amérique centraleGuatemala | Panama | San José | + 4 autres
85%
commence par la lettre JJakarta | Jérusalem
74%
est une capitale de l'une des républiques baltesRiga | Tallinn | Vilnius
72%
est plus de 1200 km de toute autre capitaleCanberra | Wellington | Reykjavík | Brasília |
+7 autres
69%
a une altitude de plus de 2500 mètresLa Paz | Quito | Sucre | Thimphou | Bogotá
66%
commençant par PortPort Moresby | Port-au-Prince | Port-d'Espagne |
+ 3 autres
61%
était la capitale d'une nation souveraine en 1 ap. J.-C.Rome
61%
est la capitale d'un pays d'Océanie autre
que l'Australie et la Nouvelle-Zélande
Apia | Honiara | Port Moresby | + 9 autres
45%
est plus de 850 km de la merBichkek | Tachkent | Noursoultan | + 13 autres
45%
est sur le golfe PersiqueKoweït | Doha | Abou Dabi | Manama
40%
est en dessous du niveau de la merBakou | Amsterdam
40%
est inférieure à 2° de latitude de l'équateurQuito | Kampala | Singapour | + 4 autres
37%
n'était pas la capitale d'un état souverain en 1995Dili | Gitega | Djouba | Naypyidaw |
Ngerulmud | Noursoultan | + 2 autres
37%
obtient moins de 8 cm de précipitations par anLima | Le Caire | Abou Dabi | Manama | Doha
28%
se trouve au bord d'un lac ou une mer intérieure d’une taille
supérieure à 3000 km2
Bakou | Kampala
27%
est nommé pour une personne née après 1500
après J.-C. qui n'est pas George Washington
Monrovia | Noursoultan | Wellington | + 5 autres
23%

Distribution des résultats

Percentile par nombre de réponses

% des personnes avec chaque résultat

Votre développement - résultats

Vous n’avez pas pris ce quiz depuis la dernière actualisation